000 00980nas a2200361 4500
001 BR8900071
003 BR-BrBNA
005 20231205091433.0
007 ta
008 230509b bl.|||p| |||| 00| 00por d
040 _aBR-BrBNA
_bpor
_cBiblioteca Nacional de Agricultura
041 _a(Pt)
072 _aQ52
100 1 _aJose, M.C.
245 1 _aSilagem de milho e sorgo: como anda a sua produtividade
650 _aPRODUCAO VEGETAL
650 _aRENDIMENTO
650 _aFERTILIDADE DO SOLO
650 _aADUBACAO
650 _aPRATICA CULTURAL
650 _aCULTIVO DO SOLO
650 _aCOLHEITA
650 _aCONTROLE DE QUALIDADE
650 _aPOTASSIO
650 _aMATERIA ORGANICA
650 _aMATERIA SECA
650 _aENSILAGEM
650 _aSORGO
650 _aMILHO
773 0 _tBalde Branco (Brazil)
_xISSN 0005-4275
_g(Sep 1988), v. 24(287) p. 12-18
_wBR8900071
909 _a202311
_bLúcia
_c55
_dLúcia Elande
942 _2AGRIS
_n0
_cANA
999 _c125075
_d125075